Top 25 Best U.S. Cities to live in 2023 - Statistics

General Stats
  • This quiz has been taken 64 times
  • The average score is 14 of 25
Answer Stats
Overall Score State City % Correct
6.5 Florida Tampa
89%
6.7 Wisconsin* Madison
86%
6.7 North Carolina Charlotte
84%
6.9 North Carolina* Raleigh/Durham
82%
6.7 Idaho* Boise
79%
6.6 Florida Jacksonville
77%
6.7 ________ Colorado Springs
73%
6.6 Iowa* Des Moines
73%
6.6 New York* Albany
71%
6.8 Colorado Boulder
68%
6.9 Wisconsin Green Bay
64%
6.7 Michigan Ann Arbor
63%
6.9 Alabama Huntsville
59%
6.7 Maine Portland
57%
6.5 New York Syracuse
54%
6.7 Arkansas Fayetteville
52%
6.6 Michigan Grand Rapids
52%
6.5 Tennessee Knoxville
52%
6.7 California San Jose
52%
6.5 Colorado Ft. Collins
43%
6.8 Florida Sarasota
34%
6.8 Florida Naples
29%
6.6 South Carolina Myrtle Beach
25%
6.6 Florida Melbourne
20%
6.5 North Carolina Hickory
7%
No matching quizzes found
Score Distribution
Percent of People with Each Score
Percentile by Number Answered
Your Score History
You have not taken this quiz